000 00574nam a2200145 4500
999 _c14518
_d14518
008 191001b ||||| |||| 00| 0 eng d
022 _a01559982
082 _aDPer 657.05 Ac172 Mar 2012-Sept 2015 v. 36-39.
100 _940128
_aSikka, Prem.
245 _aSmoke and mirrors:
_bcorporate social responsibility and tax avoidance- a reply to Hasseldine and Morris/
_cPrem Sikka.
260 _aAmsterdam:
_bElsevier Ltd,
_c©Mar 2012-Sept 2015.
300 _av37 i1, pages 15-38:
_billustrations;
_c27 cm
650 _aSocial responsibility of business.
_941748
942 _2ddc
_cPER